Probanza de los sucesos milagrosos que Nuestro Señor ha obrado con los devotos de Nuestra Señora de la Fuencisla : (Record n. 32247)

Dettagli MARC
000 -LEADER
fixed length control field 01123nam a2200241 i 4500
003 - CONTROL NUMBER IDENTIFIER
control field IT-RoINE
005 - DATE AND TIME OF LATEST TRANSACTION
control field 20191009055600.0
008 - FIXED-LENGTH DATA ELEMENTS--GENERAL INFORMATION
fixed length control field 990408s1997 sp | r ||| ||spa d
020 ## - INTERNATIONAL STANDARD BOOK NUMBER
International Standard Book Number 8488109547
040 ## - CATALOGING SOURCE
Original cataloging agency SpMaBN
Transcribing agency SpMaBN IT-RoINE
Modifying agency IT-RoINE
245 00 - TITLE STATEMENT
Title Probanza de los sucesos milagrosos que Nuestro Señor ha obrado con los devotos de Nuestra Señora de la Fuencisla :
Remainder of title (la vida cotidiana en Segovia según un manuscrito de 1616) /
Statement of responsibility, etc estudio introductorio, Mª Remedios Prieto de la Iglesia, Ana Belén Sánchez Prieto ; transcripción y edición crítica, Ana Belén Sánchez Prieto.
260 ## - PUBLICATION, DISTRIBUTION, ETC. (IMPRINT)
Place of publication, distribution, etc Segovia :
Name of publisher, distributor, etc Cervantes,
Date of publication, distribution, etc 1997.
300 ## - PHYSICAL DESCRIPTION
Extent LIV, 442 p. ;
Dimensions 25 cm.
336 ## - CONTENT TYPE
Source rdacontent
Content type term text
337 ## - MEDIA TYPE
Source rdamedia
Media type term unmediated
338 ## - CARRIER TYPE
Source rdacarrier
Carrier type term volume
600 04 - SUBJECT ADDED ENTRY--PERSONAL NAME
Personal name María,
Titles and other words associated with a name Santa Virgen
General subdivision Apariciones y milagros
Geographic subdivision España
-- Segovia
9 (RLIN) 63234
650 #4 - SUBJECT ADDED ENTRY--TOPICAL TERM
Topical term or geographic name as entry element Virgen de la Fuencisla
9 (RLIN) 63235
651 #4 - SUBJECT ADDED ENTRY--GEOGRAPHIC NAME
9 (RLIN) 36004
Geographic name Segovia (España)
General subdivision Historia eclesiástica
-- Fuentes
700 1# - ADDED ENTRY--PERSONAL NAME
Personal name Prieto de la Iglesia, María Remedios
9 (RLIN) 36058
700 1# - ADDED ENTRY--PERSONAL NAME
Personal name Sánchez Prieto, Ana Belén,
9 (RLIN) 13365
Dates associated with a name 1968-
942 ## - ADDED ENTRY ELEMENTS (KOHA)
Item type Monografías
Dati di copia
Withdrawn status Lost status Damaged status Not for loan Home library Current library Date acquired Total Checkouts Full call number Barcode Date last seen Price effective from Koha item type
        Iglesia Nacional Española en Roma Iglesia Nacional Española en Roma 09/10/2019   FUE.HIS.ECL 86 59058 09/10/2019 09/10/2019 Monografías